000 00711nam a2200205 i 4500
001 78914
003 ES-MaACL
005 20240118063002.0
007 t|
008 041018s1958 sp ||||1| spa d
100 1 _aHazard, Paul,
_d1878-1944
_962229
245 1 3 _aEl pensamiento europeo en el siglo XVIII /
_cPaul Hazard ; traducción de Julián Marías.
260 _aMadrid :
_bGuadarrama,
_c[1958] (
_fCastilla)
300 _a582 p., 16 lám. ;
_c19 cm.
490 1 _aGuadarrama de crítica y ensayo ;
_v16
700 1 _aMarías, Julián,
_d1914-2005
_976688
830 0 _aGuadarrama de crítica y ensayo ;
_v16
_9182728
852 _aES-MaACL
_jC-16299
_bR.43648
999 _c78914
_d78914